Stranger at the gate to be gay and Christian in America

Includes bibliographical references; Neal A. Newfield, Ph.D., LICSW (Giver)

Tallennettuna:
Bibliografiset tiedot
Päätekijä: White, Mel
Aineistotyyppi: Kirja
Kieli:Undetermined
Julkaistu: New York Plume Book 1994
Aiheet:
Linkit:http://lrc.tdmu.edu.vn/opac/search/detail.asp?aID=2&ID=32257
Tagit: Lisää tagi
Ei tageja, Lisää ensimmäinen tagi!
Thư viện lưu trữ: Trung tâm Học liệu Trường Đại học Thủ Dầu Một
LEADER 00839nam a2200217Ia 4500
001 TDMU_32257
008 210410s9999 xx 000 0 und d
082 |a 624.1517597 
090 |b W314 
100 |a White, Mel 
245 0 |a Stranger at the gate 
245 0 |b to be gay and Christian in America 
245 0 |c Mel White 
260 |a New York 
260 |b Plume Book 
260 |c 1994 
300 |a 347 p. 
520 |a Includes bibliographical references; Neal A. Newfield, Ph.D., LICSW (Giver)  |d 2017 
650 |a Evangelicalism  |z United States; Conservatism  |x Religious aspects  |x Christianity; Chủ nghĩa Tin Lành  |z Hoa Kỳ; Bảo thủ  |x Khía cạnh tôn giáo  |x Kitô giáo 
856 |u http://lrc.tdmu.edu.vn/opac/search/detail.asp?aID=2&ID=32257 
980 |a Trung tâm Học liệu Trường Đại học Thủ Dầu Một